| 000 | 01314cam a22002655a 4500 | ||
|---|---|---|---|
| 001 | ocm10395681 | ||
| 003 | OSt | ||
| 005 | 20180424134915.0 | ||
| 008 | 821013t1976 xnaa frb 001 0 eng d | ||
| 020 | _a0347011160 | ||
| 040 |
_aMNU _beng _cMNU _dCLU _dUZ0 _dOCLCG _dUKM _dNLGGC _dGTA _dBDX _dOCLCQ _dOCLCF _dOCLCQ _dOCLCO _dEG-ScBUE |
||
| 043 | _ae-uk--- | ||
| 082 | 0 | 4 |
_a658.78 _222 _bWAL |
| 100 | 1 |
_aWalters, David, _d1936- _935053 |
|
| 245 | 1 | 0 |
_aFutures for physical distribution in the food industry / _cDavid Walters. |
| 260 |
_aWestmead : _bSaxon House ; _aLexington : _bLexington Books, _cc.1976. |
||
| 300 |
_aviii, 156 p. : _bill. ; _c24 cm. |
||
| 490 | 0 | _aSaxon House studies. | |
| 504 | _aIncludes bibliographical references and index. | ||
| 505 | 0 | _aThe development of physical distribution management -- Physical distribution management in grocery product manufacturing and retailing: the state of the art in 1972 -- Changes in the retailing environment and their logistics implications 1960-1970 -- Forecasting logistics and retailing changes -- The logistics implications of future changes in grocery retailing -- Recent problems: 1973-75. | |
| 650 | 7 |
_aFood industry and trade. _2BUEsh |
|
| 650 | 7 |
_aPhysical distribution of goods _xManagement. _2BUEsh _931013 |
|
| 653 |
_bGGEN _cApril2018 |
||
| 942 | _2ddc | ||
| 999 |
_c26587 _d26559 |
||